Pandit Bhimsen Joshi/ (Record no. 163443)

MARC details
000 -LEADER
fixed length control field 00512nam a2200181 4500
005 - DATE AND TIME OF LATEST TRANSACTION
control field 20190415130500.0
010 ## - LCCN (DPL NO)
LC control number ENG-125056
020 ## - INTERNATIONAL STANDARD BOOK NUMBER
International Standard Book Number 9789389393200
Terms of availability 485.00
035 ## - SYSTEM CONTROL NUMBER
System control number EN-108588
037 ## - SOURCE OF ACQUISITION
Source of stock number/acquisition DBAD/PUB
082 ## - DEWEY DECIMAL CLASSIFICATION NUMBER
Classification number 781.630
100 ## - MAIN ENTRY--PERSONAL NAME
Personal name Mathur, S.K.
245 ## - TITLE STATEMENT
Title Pandit Bhimsen Joshi/
Statement of responsibility, etc by S.K.Mathur
260 ## - PUBLICATION, DISTRIBUTION, ETC. (IMPRINT)
Place of publication, distribution, etc Allahabad
Name of publisher, distributor, etc Sanket Prakashan
Date of publication, distribution, etc 2015
270 ## - ADDRESS
Address 5 Upendra Nath Ashk Marg
City Allahabad
Postal code 211001
300 ## - PHYSICAL DESCRIPTION
Extent v,152p.
Dimensions 22cm.(Hb)
942 ## - ADDED ENTRY ELEMENTS (KOHA)
Source of classification or shelving scheme Dewey Decimal Classification
Item type English Books
Classification part 781.630
Call number suffix MAT
Holdings
Withdrawn status Lost status Not for loan Collection code Home library Current library Date acquired Source of acquisition Cost, normal purchase price Full call number Barcode Copy number Cost, replacement price Koha item type
    Not For Loan Non-fiction D.B.Act.Division Ashok Vihar 15/04/2019 DBAD/PUB 485.00 781.630 MAT EN-108588 1 485.00 English Books

© Delhi Public Library
Hit Counter
free hit counter